Działania matematyczne #4 - Statystyki

Ogólne statystyki
  • Ten quiz został rozwiązany 81 razy
    51 od ostatniego zresetowania
  • Średni wynik to 14 z 15
Statystyki odpowiedzi
Działanie Wynik % Poprawnych
32-19 13
100%
40*8 320
100%
78+23 101
98%
25*9 225
96%
6^2 36
96%
23*4 92
96%
45-28 17
93%
3^3 27
93%
90/18 5
93%
22*5 110
91%
8*56 448
91%
60-45 15
89%
43+129 172
89%
70/35 2
87%
222/3 74
87%
Nie znaleziono quizów pasujących do podanych kryteriów
Rozkład punktacji
Procent ludzi z każdym wynikiem
Percentyl według liczby udzielonych odpowiedzi
Twoja historia wyników
Nie rozwiązałeś tego quizu od ostatniego zresetowania